Χαρτογράφηση των αγροτουριστικών μονάδων και των χαρακτηριστικών τους στον ελλαδικό χώρο με τη χρήση του διαδικτύου : πτυχιακή εργασία

Αποθηκεύτηκε σε:
Λεπτομέρειες βιβλιογραφικής εγγραφής
Κύριος συγγραφέας: Μουρελάτου, Βασιάννα
Μορφή: Thesis Βιβλίο
Γλώσσα:Greek
Δημοσίευση: 2013.
Θέματα:
Ετικέτες: Προσθήκη ετικέτας
Δεν υπάρχουν, Καταχωρήστε ετικέτα πρώτοι!

MARC

LEADER 00000cam a2200000 a 4500
001 1/109394
008 151120s2013####gr | ||| |||| ||gre||
040 |a GR-MyUa  |b gre  |c GR-MyUa  |e AACR2 
041 0 |a gre 
082 7 |a 338.4791   |2 (23)  
100 1 |a Μουρελάτου, Βασιάννα. 
245 1 0 |a Χαρτογράφηση των αγροτουριστικών μονάδων και των χαρακτηριστικών τους στον ελλαδικό χώρο με τη χρήση του διαδικτύου :   |b πτυχιακή εργασία /   |c Μουρελάτου Βασιάννα ; επιβλέπων καθηγητής: Κίζος Αθανάσιος.  
260 |c 2013.  
300 |a 65 σ. ;   |c 24 εκ.  
502 # # |a Πτυχιακή εργασία – Πανεπιστήμιο Αιγαίου, Λέσβος, 2013. 
504 |a Περιλαμβάνει βιβλιογραφία.  
650 0 |a Ecotourism  |z Greece. 
650 0 |a Tourism  |z Greece  |x Computer network resources. 
700 1 |a Κίζος, Αθανάσιος,  |e dgs 
852 |a INST  |b LESVOS  |c DIATR  |e 20151120  |h 944  |p 005100057883  |q 005100057883  |t DIE  |y 23 
852 |a INST  |b LESVOS  |c DIATR  |e 20151120  |h 945  |p 005100057882  |q 005100057882  |t DIE  |y 23 
924 |a Μουρελάτου  |b Βασιάννα  |y Λέσβος  |z 2013-05 
970 |a Τζαφέρη  |b Ευαγγελία  |z 20-11-2015